| Tag |
First Indicator |
Second Indicator |
Subfields |
| LEADER |
00000cam a2200000 i 4500 |
| 001 |
in00004785621 |
| 008 |
240413t19861986ilu 000 0 eng d |
| 005 |
20240415212803.2 |
| 035 |
|
|
|a (OCoLC)on1429771363
|
| 040 |
|
|
|a TXA
|b eng
|e rda
|c TXA
|d TXA
|
| 035 |
|
|
|a (OCoLC)1429771363
|
| 043 |
|
|
|a n-us---
|
| 050 |
|
4 |
|a HD6285.5.U6
|b W47 1986
|
| 100 |
1 |
|
|a Westman, Walt,
|e author.
|
| 245 |
1 |
0 |
|a Who are the gay and lesbian scientists? /
|c written by Walt Westman and Joseph Schreiner.
|
| 264 |
|
1 |
|a Chicago, IL :
|b NOGLSTP, National Organization of Gay and Lesbian Scientists and Technical Professionals,
|c [1986]
|
| 264 |
|
4 |
|c ©1986
|
| 300 |
|
|
|a 1 folded sheet (6 pages) ;
|c 22 cm
|
| 336 |
|
|
|a text
|b txt
|2 rdacontent
|
| 337 |
|
|
|a unmediated
|b n
|2 rdamedia
|
| 338 |
|
|
|a sheet
|b nb
|2 rdacarrier
|
| 610 |
2 |
0 |
|a National Organization of Gay and Lesbian Scientists and Technical Professionals.
|
| 650 |
|
0 |
|a Minority professional employees
|z United States.
|
| 650 |
|
0 |
|a High technology industries
|z United States
|x Employees.
|
| 650 |
|
7 |
|a High technology industries
|x Employees
|2 fast
|0 (OCoLC)fst00956437
|
| 650 |
|
7 |
|a Minority professional employees
|2 fast
|0 (OCoLC)fst01740071
|
| 700 |
1 |
|
|a Schreiner, Joseph,
|d 1954-
|e author.
|
| 710 |
2 |
|
|a National Organization of Gay and Lesbian Scientists and Technical Professionals,
|e issuing body.
|
| 994 |
|
|
|a Z0
|b TXA
|
| 948 |
|
|
|h HELD BY TXA - 0 OTHER HOLDINGS
|
| 999 |
f |
f |
|s aa01d9a9-1c11-4a85-8fa3-4ceb1bceb728
|i 6cfb1226-79b8-4bfe-b828-1253e130f85e
|t 0
|
| 952 |
f |
f |
|p noncirc
|a Texas A&M University
|b College Station
|c Cushing Memorial Library & Archives
|d Cushing: Women & Gender Studies (Does not check out)
|t 0
|e HD6285.5.U6 W47 1986
|f Vertical File
|h Library of Congress classification
|i unmediated -- sheet
|m A14853221160
|
| 998 |
f |
f |
|a HD6285.5.U6 W47 1986
|t 0
|l Cushing: Women & Gender Studies (Does not check out)
|